| 000 | 00948cam a2200301 a 4500 | ||
|---|---|---|---|
| 001 | 1925018 | ||
| 003 | ARRUPE | ||
| 005 | 20161024151728.0 | ||
| 008 | 730228s1972 nyuac b 001 0beng d | ||
| 010 | _z 66028544 | ||
| 035 | _a(OCoLC)ocm00566094 | ||
| 035 | _a(NNC)1925018 | ||
| 040 |
_aPAU _cPAU _dOCL _dNJS _dOCL _dZCU |
||
| 050 | _aL N 6853.D8T6 1977 | ||
| 100 | 1 |
_aTomkins, Calvin, _d1925- _926589 |
|
| 245 | 1 | 4 |
_aThe world of Marcel Duchamp, 1887-1968 / _cby Calvin Tomkins and the editors of Time-Life Books. |
| 250 | _aRev. | ||
| 260 |
_aNew York : _bTime-Life Books, _c1972. |
||
| 300 |
_a192 p. : _bill. (some col.), ports. ; _c31 cm. |
||
| 490 | 1 | _aTime-Life library of art | |
| 500 | _aIncludes index. | ||
| 504 | _aBibliography: p. 185. | ||
| 600 | 1 | 0 |
_aDuchamp, Marcel, _d1887-1968. _926590 |
| 710 | 2 |
_aTime-Life Books. _926560 |
|
| 830 | 0 |
_aTime-Life library of art. _926561 |
|
| 942 |
_2lcc _cMONOGRAPH |
||
| 999 |
_c125463 _d125463 |
||